<?xml version="1.0" encoding="UTF-8"?>
<record
    xmlns:xsi="http://www.w3.org/2001/XMLSchema-instance"
    xsi:schemaLocation="http://www.loc.gov/MARC21/slim http://www.loc.gov/standards/marcxml/schema/MARC21slim.xsd"
    xmlns="http://www.loc.gov/MARC21/slim">

  <leader>01218nam a22003137a 4500</leader>
  <datafield tag="999" ind1=" " ind2=" ">
    <subfield code="c">102104</subfield>
    <subfield code="d">102104</subfield>
  </datafield>
  <controlfield tag="005">20181220143201.0</controlfield>
  <datafield tag="010" ind1=" " ind2=" ">
    <subfield code="a">1617EN ENG-116877</subfield>
  </datafield>
  <datafield tag="020" ind1=" " ind2=" ">
    <subfield code="a">9781137603241</subfield>
    <subfield code="c">799.00</subfield>
  </datafield>
  <datafield tag="020" ind1=" " ind2=" ">
    <subfield code="a">9781137603241 (Ashok Vihar)</subfield>
    <subfield code="c">695.00 </subfield>
  </datafield>
  <datafield tag="035" ind1=" " ind2=" ">
    <subfield code="a">B-652157-162</subfield>
  </datafield>
  <datafield tag="035" ind1=" " ind2=" ">
    <subfield code="a">EN-100409</subfield>
  </datafield>
  <datafield tag="035" ind1=" " ind2=" ">
    <subfield code="a">B-669808</subfield>
  </datafield>
  <datafield tag="037" ind1=" " ind2=" ">
    <subfield code="b">Pragati</subfield>
    <subfield code="a">dpl</subfield>
  </datafield>
  <datafield tag="037" ind1=" " ind2=" ">
    <subfield code="b">DBAD/PUB</subfield>
  </datafield>
  <datafield tag="082" ind1=" " ind2=" ">
    <subfield code="a">320.5</subfield>
  </datafield>
  <datafield tag="100" ind1=" " ind2=" ">
    <subfield code="a">Heywood, Andrew</subfield>
  </datafield>
  <datafield tag="245" ind1=" " ind2=" ">
    <subfield code="a">Political theory :</subfield>
    <subfield code="c">by Andrew Heywood</subfield>
    <subfield code="b">an introduction /</subfield>
  </datafield>
  <datafield tag="250" ind1=" " ind2=" ">
    <subfield code="a">4th ed</subfield>
  </datafield>
  <datafield tag="260" ind1=" " ind2=" ">
    <subfield code="a">New York</subfield>
    <subfield code="b">Palgrave Macmillan</subfield>
    <subfield code="c">2015</subfield>
  </datafield>
  <datafield tag="270" ind1=" " ind2=" ">
    <subfield code="a">175 Fifth Avenue</subfield>
    <subfield code="b">New York</subfield>
    <subfield code="e">10010</subfield>
  </datafield>
  <datafield tag="300" ind1=" " ind2=" ">
    <subfield code="a">xvii,417p.</subfield>
    <subfield code="c">22cm(pbk)</subfield>
  </datafield>
  <datafield tag="500" ind1=" " ind2=" ">
    <subfield code="a">Includes bibliographical references and index</subfield>
  </datafield>
  <datafield tag="650" ind1=" " ind2=" ">
    <subfield code="a">Political science.</subfield>
  </datafield>
  <datafield tag="650" ind1=" " ind2=" ">
    <subfield code="a">Right and left (Political science)</subfield>
  </datafield>
  <datafield tag="650" ind1=" " ind2=" ">
    <subfield code="a"> Ideology.</subfield>
  </datafield>
  <datafield tag="942" ind1=" " ind2=" ">
    <subfield code="2">ddc</subfield>
    <subfield code="c">EN</subfield>
    <subfield code="m">HEY</subfield>
    <subfield code="h">320.5</subfield>
  </datafield>
  <datafield tag="952" ind1=" " ind2=" ">
    <subfield code="0">0</subfield>
    <subfield code="1">0</subfield>
    <subfield code="4">0</subfield>
    <subfield code="7">1</subfield>
    <subfield code="8">NFIC</subfield>
    <subfield code="a">DBAD</subfield>
    <subfield code="b">BN</subfield>
    <subfield code="d">2016-12-20</subfield>
    <subfield code="e">DBAD/PUB</subfield>
    <subfield code="g">799.00</subfield>
    <subfield code="l">0</subfield>
    <subfield code="o">320.01HEY</subfield>
    <subfield code="p">EN-100409</subfield>
    <subfield code="r">2016-12-20 00:00:00</subfield>
    <subfield code="t">1</subfield>
    <subfield code="v">799.00</subfield>
    <subfield code="y">EN</subfield>
  </datafield>
  <datafield tag="952" ind1=" " ind2=" ">
    <subfield code="0">0</subfield>
    <subfield code="1">0</subfield>
    <subfield code="4">0</subfield>
    <subfield code="7">0</subfield>
    <subfield code="8">NFIC</subfield>
    <subfield code="a">L</subfield>
    <subfield code="b">L</subfield>
    <subfield code="d">2017-02-13</subfield>
    <subfield code="e">BPPD/EN/2016-17/300/24.11.2016/IN341/2.12.2017/4.1.2017</subfield>
    <subfield code="g">799.00</subfield>
    <subfield code="l">49</subfield>
    <subfield code="m">27</subfield>
    <subfield code="o">320.5 HEY</subfield>
    <subfield code="p">B-652157</subfield>
    <subfield code="r">2024-10-10 00:00:00</subfield>
    <subfield code="s">2024-09-26</subfield>
    <subfield code="t">1</subfield>
    <subfield code="v">799.00</subfield>
    <subfield code="y">EN</subfield>
  </datafield>
  <datafield tag="952" ind1=" " ind2=" ">
    <subfield code="0">0</subfield>
    <subfield code="1">0</subfield>
    <subfield code="4">0</subfield>
    <subfield code="7">0</subfield>
    <subfield code="8">NFIC</subfield>
    <subfield code="a">NPL</subfield>
    <subfield code="b">NPL</subfield>
    <subfield code="d">2017-02-13</subfield>
    <subfield code="e">BPPD/EN/2016-17/300/24.11.2016/IN341/2.12.2017/4.1.2017</subfield>
    <subfield code="g">799.00</subfield>
    <subfield code="l">0</subfield>
    <subfield code="o">320.5 HEY</subfield>
    <subfield code="p">B-652158</subfield>
    <subfield code="r">2017-02-13 00:00:00</subfield>
    <subfield code="t">1</subfield>
    <subfield code="v">799.00</subfield>
    <subfield code="y">EN</subfield>
  </datafield>
  <datafield tag="952" ind1=" " ind2=" ">
    <subfield code="0">0</subfield>
    <subfield code="1">0</subfield>
    <subfield code="4">0</subfield>
    <subfield code="7">0</subfield>
    <subfield code="8">NFIC</subfield>
    <subfield code="a">BL1</subfield>
    <subfield code="b">BL1</subfield>
    <subfield code="d">2017-02-13</subfield>
    <subfield code="e">BPPD/EN/2016-17/300/24.11.2016/IN341/2.12.2017/4.1.2017</subfield>
    <subfield code="g">799.00</subfield>
    <subfield code="l">33</subfield>
    <subfield code="m">12</subfield>
    <subfield code="o">320.5 HEY</subfield>
    <subfield code="p">B-652159</subfield>
    <subfield code="r">2026-03-23 00:00:00</subfield>
    <subfield code="s">2026-02-28</subfield>
    <subfield code="t">1</subfield>
    <subfield code="v">799.00</subfield>
    <subfield code="y">EN</subfield>
  </datafield>
  <datafield tag="952" ind1=" " ind2=" ">
    <subfield code="0">0</subfield>
    <subfield code="1">0</subfield>
    <subfield code="4">0</subfield>
    <subfield code="7">0</subfield>
    <subfield code="8">NFIC</subfield>
    <subfield code="a">JP</subfield>
    <subfield code="b">JP</subfield>
    <subfield code="d">2017-02-13</subfield>
    <subfield code="e">BPPD/EN/2016-17/300/24.11.2016/IN341/2.12.2017/4.1.2017</subfield>
    <subfield code="g">799.00</subfield>
    <subfield code="l">21</subfield>
    <subfield code="m">11</subfield>
    <subfield code="o">320.5 HEY</subfield>
    <subfield code="p">B-652160</subfield>
    <subfield code="r">2022-04-09 00:00:00</subfield>
    <subfield code="s">2022-03-29</subfield>
    <subfield code="t">1</subfield>
    <subfield code="v">799.00</subfield>
    <subfield code="y">EN</subfield>
  </datafield>
  <datafield tag="952" ind1=" " ind2=" ">
    <subfield code="0">0</subfield>
    <subfield code="1">0</subfield>
    <subfield code="4">0</subfield>
    <subfield code="7">0</subfield>
    <subfield code="8">NFIC</subfield>
    <subfield code="a">ZLS</subfield>
    <subfield code="b">ZLS</subfield>
    <subfield code="d">2017-02-13</subfield>
    <subfield code="e">BPPD/EN/2016-17/300/24.11.2016/IN341/2.12.2017/4.1.2017</subfield>
    <subfield code="g">799.00</subfield>
    <subfield code="l">32</subfield>
    <subfield code="m">28</subfield>
    <subfield code="o">320.5 HEY</subfield>
    <subfield code="p">B-652161</subfield>
    <subfield code="q">2026-06-13</subfield>
    <subfield code="r">2026-05-30 11:58:30</subfield>
    <subfield code="s">2026-05-30</subfield>
    <subfield code="t">1</subfield>
    <subfield code="v">799.00</subfield>
    <subfield code="y">EN</subfield>
  </datafield>
  <datafield tag="952" ind1=" " ind2=" ">
    <subfield code="0">0</subfield>
    <subfield code="1">0</subfield>
    <subfield code="4">0</subfield>
    <subfield code="7">0</subfield>
    <subfield code="8">NFIC</subfield>
    <subfield code="a">BL1</subfield>
    <subfield code="b">BL1</subfield>
    <subfield code="d">2017-02-13</subfield>
    <subfield code="e">BPPD/EN/2016-17/300/24.11.2016/IN341/2.12.2017/4.1.2017</subfield>
    <subfield code="g">799.00</subfield>
    <subfield code="l">1</subfield>
    <subfield code="o">320.5 HEY</subfield>
    <subfield code="p">B-652162</subfield>
    <subfield code="r">2019-06-10 00:00:00</subfield>
    <subfield code="s">2019-05-30</subfield>
    <subfield code="t">1</subfield>
    <subfield code="v">799.00</subfield>
    <subfield code="y">EN</subfield>
  </datafield>
  <datafield tag="952" ind1=" " ind2=" ">
    <subfield code="0">0</subfield>
    <subfield code="1">0</subfield>
    <subfield code="4">0</subfield>
    <subfield code="7">0</subfield>
    <subfield code="8">NFIC</subfield>
    <subfield code="a">AV</subfield>
    <subfield code="b">AV</subfield>
    <subfield code="d">2017-05-15</subfield>
    <subfield code="e">BPPD/EN/2016-17/AV/2016-17/466/15.2.2017/568/28.2.2017/ 24.3.2017</subfield>
    <subfield code="g">695.00</subfield>
    <subfield code="l">24</subfield>
    <subfield code="m">12</subfield>
    <subfield code="o">320.5 HEY</subfield>
    <subfield code="p">B-669808</subfield>
    <subfield code="r">2025-02-04 00:00:00</subfield>
    <subfield code="s">2025-01-22</subfield>
    <subfield code="t">1</subfield>
    <subfield code="v">695.00</subfield>
    <subfield code="w">2017-05-15</subfield>
    <subfield code="y">EN</subfield>
  </datafield>
</record>
